Associare le associazioni familiari. (Record n. 211515)
[ formato base ]
| 000 -LEADER | |
|---|---|
| campo di controllo lung. fissa | 01340nam a2200241Ia 4500 |
| 001 - Numero di controllo | |
| campo di controllo | b5614-37506 |
| 003 - Identificatore del numero di controllo | |
| campo di controllo | IT-MiCISF |
| 005 - Data e orario dell'ultima transazione | |
| campo di controllo | 20250507110116.0 |
| 008 - Elementi di lunghezza fissa--Informazione generale | |
| campo di controllo lung. fissa | 161014s9999||||xx |||||||||||||| ||und|| |
| 040 ## - Fonte della catalogazione | |
| Agenzia catalografica originale | IT-MiCISF |
| Agenzia che fa la trascrizione | IT-MiCISF |
| 041 ## - Codice di lingua | |
| Codice di lingua del testo/traccia sonora o titolo separato | it |
| 100 ## - Accesso principale -- nome di persona | |
| Nome di persona | Donati Pierpaolo Prandini Riccardo (a cura di) |
| 9 (RLIN) | 60604 |
| 245 #0 - Formulazione del titolo | |
| Titolo | Associare le associazioni familiari. |
| Complemento del titolo | Esperienze e prospettive del Forum |
| 260 ## - Pubblicazione, distribuzione, ecc. (stampa) | |
| Luogo di pubblicazione, distribuzione, ecc. | Roma, |
| Nome dell'editore, distributore, ecc. | Città Nuova, |
| Data di pubblicazione, distribuzione, ecc. | 2003 |
| 300 ## - Descrizione fisica | |
| Estensione | pp. 208 |
| 500 ## - Nota generale | |
| Nota generale | volontariato, associazionismo, associazioni, famiglia |
| 520 ## - Riassunto, ecc. | |
| Nota di riassunto, ecc. | Questo volume presenta i risultati di una ricerca empirica, realizzata da un'équipe di sociologi, che analizza la cultura costitutiva, gli obiettivi, la conduzione e l'operatività del Forum delle Associazioni Familiari, evidenziandone gli aspetti di reale innovazione e le prospettive di sviluppo futuro: realizzare la soggettività della famiglia mediante azioni di tutela dei suoi diritti, e dare impulso alle singole associazioni affinché si orientino a produrre servizi relazionali capaci di innescare nuovi processi di civilizzazione attraverso la promozione del capitale sociale familiare. |
| 650 ## - Accesso aggiunto di soggetto--termine topico | |
| Termine topico o nome geografico come accesso | Volontariato |
| 9 (RLIN) | 56093 |
| 654 ## - Accesso aggiunto di soggetto--termini topici faccettati | |
| Termine principale | saggio |
| 700 ## - Accesso aggiunto--nome di persona | |
| Nome di persona | Donati P., Maccarini A.M., Tronca L., Prandini R., Bovi G. |
| 9 (RLIN) | 62149 |
| 942 ## - Dati aggiuntivi (Koha) | |
| Tipo copia default (Koha) | LIBRO |
| Fonte della classificazione o dello schema di collocazione (segnatura) | Dewey Decimal Classification |
| 999 ## - Sys Number locale (Koha) | |
| Koha Dewey Subclass [OBSOLETE] | si |
| Ritirato (status) | Perso (status) | Danneggiato (status) | Non per il presito | Biblioteca proprietaria | Biblioteca in cui si trova | Data d'acquisizione | Totale prestiti | Collocazione | Data ultima operazione | Prezzo in vigore dal | Tipo copia default (Koha) | Nota pubblica |
|---|---|---|---|---|---|---|---|---|---|---|---|---|
| Buone Condizioni | Not For Loan | CISF - Milano | CISF - Milano | 14/10/2016 | b5614-37506 | 14/10/2016 | 14/10/2016 | LIBRO | Data import 15.10.2016 / by Epidotti, Vaglietti |